Phương pháp toán cho vật lý
Cuốn sách tập trung vào các nội dung được thể hiện qua các chương 4 chương như sau: Giải tích véctơ, phương trình vi phân tuyến tính, hệ phương trình vi phân thường và phương trình tích phân.
Đã lưu trong:
| 主要作者: | |
|---|---|
| 格式: | 圖書 |
| 語言: | Undetermined |
| 出版: |
Hà Nội
Đại học Quốc gia Hà Nội
2007
|
| 主題: | |
| 標簽: |
添加標簽
沒有標簽, 成為第一個標記此記錄!
|
| Thư viện lưu trữ: | Trung tâm Học liệu Trường Đại học Cần Thơ |
|---|
| LEADER | 00964nam a2200229Ia 4500 | ||
|---|---|---|---|
| 001 | CTU_159419 | ||
| 008 | 210402s9999 xx 000 0 und d | ||
| 020 | |c 21000 | ||
| 082 | |a 530.1 | ||
| 082 | |b H513/T.1 | ||
| 100 | |a Nguyễn, Văn Hùng | ||
| 245 | 0 | |a Phương pháp toán cho vật lý | |
| 245 | 0 | |c Nguyễn Văn Hùng, Lê Văn Trực | |
| 260 | |a Hà Nội | ||
| 260 | |b Đại học Quốc gia Hà Nội | ||
| 260 | |c 2007 | ||
| 520 | |a Cuốn sách tập trung vào các nội dung được thể hiện qua các chương 4 chương như sau: Giải tích véctơ, phương trình vi phân tuyến tính, hệ phương trình vi phân thường và phương trình tích phân. | ||
| 526 | |a Các phương pháp toán Lý | ||
| 526 | |b SP589 | ||
| 650 | |a Physics mathematics | ||
| 904 | |i Bạch Trúc | ||
| 980 | |a Trung tâm Học liệu Trường Đại học Cần Thơ | ||